C-Food Diet Quiz Stats

 Plays Quiz Updated Oct 15, 2018

Also try: Z on the Menu!
Challenge
Share
Tweet
Embed
Score 0/44 Timer 08:00
2 Plays Today
Hint C-food % Correct
KFC or Popeye's entree'chicken
97.7%
Milk based food product, such as cottage, cream, Cheddar...cheese
95.2%
Comes in milk, dark, semi- or bittersweetchocolate
95%
M&M's, Snickers, jelly beans, etc.candy
93.8%
Veggie referred to as 'ears'; some kinds can be poppedcorn
93%
Bugs Bunny's favorite veggiecarrot
90.7%
Black Forest, red velvet, Bundt...cake
90.5%
Either of two spices often used in apple pie
or spice cake
cinnamon or cloves
88.7%
A very thin French pancake, usually served with a fillingcrêpe
88.5%
In The Christmas Song, they're '...roasting on an open fire.'chestnuts
86.1%
Green salad veggie, sometimes made into picklescucumber
84.9%
Muesli, Cream of Wheat, or Cheerioscereal
83.9%
Dairy product of high butterfat skimmed from milk before homogenizationcream
82%
Carbonated beverage with caramel coloring
and sugar
cola
80.7%
Bi-valve shellfish, often served in chowder
or 'on the half-shell'
clam
80.4%
Buttery, flaky, crescent shaped pastrycroissant
80.1%
Popular mild flavored whitefish cod
80.1%
Chester Cheetah eats themCheetos
79.2%
Deep fried thin potato sliceschips or crisps
78.4%
Little individual cakes topped with frostingcupcakes
77.5%
Crunchy green 'stalk' veggiecelery
75.4%
Spicy stew-type dish often served 'con carne'chili
74.6%
Hint C-food % Correct
Dessert made with sweetened cottage or cream cheese; one kind is New York Stylecheesecake
74.1%
Salad consisting mostly of shredded raw cabbagecoleslaw
72.5%
Beverage made from beans, such as Arabicacoffee
70.2%
An elbow shaped nut native to Brazil, popular for snacking and in Asian cuisinecashew
69.5%
Main ingredient in hummus; also called
garbanzo beans
chickpeas
68%
Philadelphia's popular sandwichcheesesteak
67.9%
Sparkling wine produced in a region of FranceChampagne
63.1%
A staple at McDonald's that's been on the menu from their beginningcheeseburger
59.3%
Snacking & pie fruit; Bing is one varietycherry
57.2%
Round melon with light orange fruitcantaloupe
57.2%
Dessert made of milk, sugar, & eggs baked until set or used as a filling in doughnuts
or Boston cream pie
custard
56.4%
A thick soup or stewchowder
55.8%
Brine-cured beef, traditionally served with cabbagecorned beef
49.4%
Bog fruitcranberry
48.8%
Italian white bread widely used for sandwiches; Italian for 'carpet slipper'ciabatta
46.7%
Fried dough pastry snacks sprinkled with sugar or cinnamon; originating in Spainchurro
38.8%
A type of hot red pepper, usually ground into a seasoning spicecayenne
36.3%
Similar to, but smaller than raisinscurrants
27.3%
Dried, smoked, thinly sliced beef, often served in a cream sauce over toastchipped beef
24.6%
A white powdery baking ingredient
(potassium hydrogen tartrate)
cream of tartar
24.2%
Sweet & sour condiment of similar consistency to salsa or relish containing fruit, sugar, & vinegarchutney
23.7%
French dish made of stewed chicken, veggies, and winecoq au vin
23.5%

You're not logged in!

Compare scores with friends on all Sporcle quizzes.
OR
Log In

You Might Also Like...

Show Comments

Extras

Top Quizzes Today


Score Distribution

Your Account Isn't Verified!

In order to create a playlist on Sporcle, you need to verify the email address you used during registration. Go to your Sporcle Settings to finish the process.

Report this User

Report this user for behavior that violates our Community Guidelines.

Details: